Statistics for lebron or jordan who is the goat

Click here to take the quiz!

General Stats

  • This quiz has been taken 53 times
  • The average score is 10 of 12

Answer Stats

QuestionAnswer% Correct
all starslebron 19
96%
pointslebron
90%
reboundslebron 11,100
90%
asstis10,900 lebron
88%
mvpjordan five times
88%
blockslebron 1109
88%
dpoyjordan 1
84%
scoring titlesjordan 10
84%
finals mvpjordan 6
84%
ringsjordan 6
82%
stealsjordan 2500
76%
goatjordan points 6
61%

Score Distribution

Percentile by Number Answered

Percent of People with Each Score

Your Score History

You have not taken this quiz